| 000 | 00498nam a2200181Ia 4500 | ||
|---|---|---|---|
| 001 | 20711 | ||
| 003 | IN-NITTTR | ||
| 005 | 20251114233236.0 | ||
| 008 | 251113s9999||||xx |||||||||||||| ||eng|| | ||
| 040 | _beng | ||
| 040 | _cIN-NITTTR | ||
| 041 | _aeng | ||
| 082 | _a428.24078 H17S | ||
| 100 | _aHamp, Lyons Liz | ||
| 245 | 0 |
_aStudy Writing : _b a course in written english for academic and professional purposes. / _cHamp, Lyons Liz, Heasley, Ben |
|
| 700 | _a Heasley, Ben | ||
| 942 |
_2ddc _cBK |
||
| 999 |
_c23341 _d23341 |
||